| 000 | 00826nam a2200241Ia 4500 | ||
|---|---|---|---|
| 003 | OSt | ||
| 005 | 20220926003338.0 | ||
| 006 | a|||||r|||| 00| 0 | ||
| 007 | ta | ||
| 008 | 220923b |||||||| |||| 00| 0 eng d | ||
| 020 |
_a9780199915675 _c1058.25 |
||
| 037 |
_bG-4558, 20/03/2014, Manohar Publishers & Distributors _cGeneral Book |
||
| 040 |
_aRTL _cRTL _beng |
||
| 041 |
_2eng _aeng |
||
| 082 | _aY73(Q4).2, Q2 | ||
| 100 |
_aOHNUMA Reiko _9307193 |
||
| 245 | 0 |
_aTies that bind _b Maternal imagery and discourse in Indian buddhism |
|
| 260 |
_a New Delhi _bOxford University Press _c2012 |
||
| 300 |
_axiii,262p _ccm. |
||
| 500 | _aBibliography: P 283-324 | ||
| 942 |
_hY73(Q4).2, Q2 _cGB _2CC |
||
| 999 |
_c607585 _d607585 |
||